ბათუმის შოთა რუსთაველის სახელმწიფო უნივერსიტეტის ბიბლიოთეკა

Scientology : (ბიბ.ჩანაწერი № 58272)

000 -LEADER
fixed length control field 00752cam a2200217 a 4500
001 - CONTROL NUMBER
control field 3875090
005 - DATE AND TIME OF LATEST TRANSACTION
control field 20211019114950.0
008 - FIXED-LENGTH DATA ELEMENTS--GENERAL INFORMATION
fixed length control field 890112s2007 cau b 001 0 eng
020 ## - INTERNATIONAL STANDARD BOOK NUMBER
International Standard Book Number 9788779897571
041 ## - LANGUAGE CODE
Language code of text/sound track or separate title eng
080 ## - UNIVERSAL DECIMAL CLASSIFICATION NUMBER
Universal Decimal Classification number 299 H-88
100 1# - MAIN ENTRY--PERSONAL NAME
Personal name Hubbard, L. Ron
Fuller form of name
Dates associated with a name
9 (RLIN) 12506
245 12 - TITLE STATEMENT
Title Scientology :
Statement of responsibility, etc. L. Ron Hubbard.
Remainder of title A new slant on life /
264 ## - PRODUCTION, PUBLICATION, DISTRIBUTION, MANUFACTURE, AND COPYRIGHT NOTICE
Place of production, publication, distribution, manufacture Los Angeles :
Name of producer, publisher, distributor, manufacturer New Era,
Date of production, publication, distribution, manufacture, or copyright notice 2007.
300 ## - PHYSICAL DESCRIPTION
Extent 373 p. ;
Dimensions 25 cm.
440 ## - SERIES STATEMENT/ADDED ENTRY--TITLE
Title A Scientology Publication
9 (RLIN) 12670
653 ## - INDEX TERM--UNCONTROLLED
keyword Scientology: A New Slant on Life
653 ## - INDEX TERM--UNCONTROLLED
keyword საიენტოლოგია: ახალი მიმართულება ცხოვრებაზე
942 ## - ADDED ENTRY ELEMENTS (KOHA)
Source of classification or shelving scheme
Koha item type წიგნი
ეგზემპლარები
Withdrawn status Lost status Source of classification or shelving scheme Damaged status Not for loan Permanent Location Current Location Shelving location Date acquired Cost, normal purchase price Full call number Barcode Date last seen Copy number Price effective from Koha item type Public note
          ბათუმის შოთა რუსთაველის სახელმწიფო უნივერსიტეტის მთავარი ბიბლიოთეკა ბათუმის შოთა რუსთაველის სახელმწიფო უნივერსიტეტის მთავარი ბიბლიოთეკა წიგნსაცავი 2021-10-19 21.00 299 H-88 61879 2021-10-19 61879 2021-10-19 წიგნი 21 ლ. 43თ.